Welding engineering an introduction : An introduction
Provides an introduction to all of the important topics in welding engineering. It covers a broad range of subjects and presents each topic in a relatively simple, easy to understand manner, with emphasis on the fundamental engineering principles.
محفوظ في:
| المؤلف الرئيسي: | |
|---|---|
| التنسيق: | كتاب |
| اللغة: | Undetermined |
| منشور في: |
Chichester
Wiley
2016
|
| الموضوعات: | |
| الوسوم: |
إضافة وسم
لا توجد وسوم, كن أول من يضع وسما على هذه التسجيلة!
|
| Thư viện lưu trữ: | Trung tâm Học liệu Trường Đại học Cần Thơ |
|---|
| LEADER | 00800nam a2200217Ia 4500 | ||
|---|---|---|---|
| 001 | CTU_207642 | ||
| 008 | 210402s9999 xx 000 0 und d | ||
| 020 | |c 2288000 | ||
| 082 | |a 671.52 | ||
| 082 | |b P558 | ||
| 100 | |a Phillips, David H. | ||
| 245 | 0 | |a Welding engineering an introduction : | |
| 245 | 3 | |b An introduction | |
| 245 | 0 | |c David H. Phillips | |
| 260 | |a Chichester | ||
| 260 | |b Wiley | ||
| 260 | |c 2016 | ||
| 520 | |a Provides an introduction to all of the important topics in welding engineering. It covers a broad range of subjects and presents each topic in a relatively simple, easy to understand manner, with emphasis on the fundamental engineering principles. | ||
| 650 | |a Welding,Máy hàn | ||
| 904 | |i Hải | ||
| 980 | |a Trung tâm Học liệu Trường Đại học Cần Thơ | ||